Cyclisme : Top 20 de Liège Bastogne Liège 2025 - Statistiques

Statistiques générales
  • Ce quiz a été pris 98 fois
  • Le résultat moyen est 8 sur 20
Statistiques - réponses
Position Equipe Coureur % Correct
1er UAE Team Emirates Tadej Pogacar
100%
3eme EF Education - Easy Post Ben Healy
88%
2eme Lidl - Trek Giulio Ciccone
81%
9eme Q36.5 Thomas Pidcock
77%
12eme Picnic PostNL Oscar Onley
47%
11eme Jayco AlUla Michael Matthews
45%
10eme EF Education - Easy Post Neilson Powless
44%
5eme Lidl - Trek Thibau Nys
44%
19eme Groupama-FDJ Romain Grégoire
41%
13eme Visma Lease a Bike Tiesj Benoot
40%
7eme RedBull - Bora-Hansgrohe Daniel Felipe Martinez
29%
18eme Decathlon AG2R La Mondiale Aurélien Paret-Peintre
26%
16eme Lotto Lennert Van Eetvelt
26%
15eme Cofidis Alex Aranburu
23%
4eme XDS Astana Simone Velasco
22%
6eme Lidl - Trek Andrea Bagioli
18%
20eme Visma Lease a Bike Ben Tulett
18%
8eme Ineos Grenadiers Axel Laurance
15%
17eme Uno-X Mobility Andreas Leknessund
11%
14eme Alpecin-Deceuninck Emiel Verstrynge
7%
Aucun quiz correspondant
Distribution des résultats
% des personnes avec chaque résultat
Percentile par nombre de réponses
Votre historique - résultats
Vous n’avez pas pris ce quiz